Central Library OPAC University of Rajshahi

Among the savages of the South Seas : (Record no. 23598)

MARC details
000 -LEADER
fixed length control field 00913nam a2200241 a 4500
001 - CONTROL NUMBER
control field 23598
003 - CONTROL NUMBER IDENTIFIER
rucl marc code BD-RjUL
005 - DATE AND TIME OF LATEST TRANSACTION
control field 20211209000941.0
008 - FIXED-LENGTH DATA ELEMENTS--GENERAL INFORMATION
fixed length control field 140311s1958 cauab b 001 0 eng d
035 ## - SYSTEM CONTROL NUMBER
System control number (BD-RjUL)23663
040 ## - CATALOGING SOURCE
Original cataloging agency VU
Language of cataloging eng
Transcribing agency VU
Modifying agency XNTU
-- BD-RjUL
041 1# - LANGUAGE CODE
Language code of text/sound track or separate title eng
Language code of original ger
082 14 - DEWEY DECIMAL CLASSIFICATION NUMBER
Classification number 919.65
Edition number 19
Author mark and year TEA 1958
100 1# - MAIN ENTRY--PERSONAL NAME
Personal name Tetens, Alfred,
Dates associated with a name 1835-1909.
9 (RLIN) 72645
245 10 - TITLE STATEMENT
Title Among the savages of the South Seas :
Remainder of title memoirs of Micronesia, 1862-1868 /
Statement of responsibility, etc. Alfred Tetens ; translated from the German by Florence Mann Spoehr.
260 ## - PUBLICATION, DISTRIBUTION, ETC. (IMPRINT)
Place of publication, distribution, etc. Stanford, Calif. :
Name of publisher, distributor, etc. Stanford University Press,
Date of publication, distribution, etc. c1958.
300 ## - PHYSICAL DESCRIPTION
Pagination xxxvi, 103 p. :
Illustrations ill., maps ;
Size 23 cm.
500 ## - GENERAL NOTE
General note Translation of : Vom Schiffsjungen zum Wasserschout.
504 ## - BIBLIOGRAPHY, ETC. NOTE
Bibliography, etc Includes bibliographical references and index.
651 #0 - SUBJECT ADDED ENTRY--GEOGRAPHIC NAME
Geographic name Micronesia
General subdivision Description and travel.
9 (RLIN) 72646
942 ## - ADDED ENTRY ELEMENTS (KOHA)
Source of classification or shelving scheme Dewey Decimal Classification
Koha item type Books
Holdings
Lost status Source of classification or shelving scheme Damaged status Not for loan Collection code Permanent Location Current Location Shelving location Date acquired Source of acquisition Cost, normal purchase price Total Checkouts Full call number Date last seen Copy number Koha item type
  Dewey Decimal Classification   Added to bundle Non-fiction Central Library, University of Rajshahi Central Library, University of Rajshahi Reading Room 02/09/1970 Zitlinger 34.60   919.65 TEA 1958 11/03/2014 C-1 Books